Le quiz mortel - Statistiques

Statistiques générales
  • Ce quiz a été pris 460 fois
  • Le résultat moyen est 14 sur 20
Statistiques - réponses
Indice -mort- % Correct
Insigne sur le drapeau des pirates Tête de mort
94%
Le latin ou le grec ancien en font partie Langue morte
92%
Période de pause dans un match qui peut être demandé par le coach Temps mort
87%
Etat d'un zombie Mort-vivant
85%
Il était auparavant connu sous le nom de Tom Jedusor dans Harry Potter Voldemort
84%
Lac très salé du Proche-Orient, à -400m d'altitude Mer morte
83%
Charcuterie italienne sous forme de saucisse de porc Mortadelle
73%
Poison voué à se débarrasser de rongeurs invasifs Mort-aux-rats
73%
Chanson sud-africaine (The Lion Sleeps Tonight), popularisée en français par Henri Salvador (1962) Le lion est mort ce soir
72%
Style de peinture dans lequel figure des objets inanimés Nature morte
71%
Jeu-vidéo concurrent de "Street Fighter" Mortal Kombat
70%
Champignons noirs comestibles dont le nom rappelle un instrument {Trompettes} {de} {la} {mort}
67%
Artillerie "lance-mine" ou matériau de liaison entre les briques Mortier
66%
Petite ville du Doubs connue pour sa saucisse Morteau
64%
Compère de Blake dans une bande dessinée Mortimer
62%
Parc national californien dans lequel a été mesuré la température la plus chaude sur Terre Vallée de la mort
59%
Série d'animation mettant en scène un vieux scientifique fou et son petit-fils Rick et Morty
55%
Coup au tennis qui cherche à faire tomber la balle le plus proche du filet Amortie
45%
Acteur incarnant Aragorn dans le Seigneur des Anneaux Viggo {Mortensen}
44%
Ville médiévale de Camargue Aigues-mortes
30%
Aucun quiz correspondant
Distribution des résultats
% des personnes avec chaque résultat
Percentile par nombre de réponses
Votre historique - résultats
Vous n’avez pas pris ce quiz